000 00698nam a2200241Ia 4500
003 OSt
005 20220918185050.0
006 a|||||r|||| 00| 0
007 ta
008 220917b |||||||| |||| 00| 0 eng d
024 _a49,431
037 _cTextual
040 _aARTS
_cARTS
_beng
041 _2eng
_aeng
082 _aP1z, H2-;1
100 _aChatterji S K
_964632
245 0 _aIndo Aryan and Hindi
_b eight lectures on the history of the aryan ispeech in India and on the rdevelopment of Hindi
260 _c1942
490 _aGujrati Vernacular society Research
650 _aLINGUISTICS
942 _hP1z, H2-;1
_cTEXL
_2CC
999 _c179055
_d179055